El Espíritu de Contadora debe mantenerse /
El entonces presidente de Guatemala, Vinicio Cerezo, se refiere a la situación económica de su país, los problemas que aquejan a los habitantes, las eventuales soluciones, así como los proyectos futuros para mejorar el papel que jugará el ejército en la nueva orientación política: la democracia. Cer...
Na minha lista:
| Autor principal: | |
|---|---|
| Formato: | Texto |
| Assuntos: | |
| Tags: |
Adicionar Tag
Sem tags, seja o primeiro a adicionar uma tag!
|
MARC
| LEADER | 00000 a a2200000 04500 | ||
|---|---|---|---|
| 001 | 682 | ||
| 003 | |||
| 040 | |||
| 100 | |a Borovhov, Anatoli | ||
| 245 | |a El Espíritu de Contadora debe mantenerse / |c Anatoli Borovhov | ||
| 520 | |a El entonces presidente de Guatemala, Vinicio Cerezo, se refiere a la situación económica de su país, los problemas que aquejan a los habitantes, las eventuales soluciones, así como los proyectos futuros para mejorar el papel que jugará el ejército en la nueva orientación política: la democracia. Cerezo se refiere también a los problemas centroamericanos y las posibles perspectivas que señala para un mejor desarrollo político y económico de la región. OB/EL | ||
| 650 | |a GRUPO DE CONTADORA | ||
| 650 | |a COMERCIO INTERNACIONAL | ||
| 650 | |a INFLACION | ||
| 650 | |a ESTABILIZACION ECONOMICA | ||
| 650 | |a FUERZAS ARMADAS | ||
| 650 | |a DEMOCRATIZACION | ||
| 650 | |a DESARROLLO POLITICO | ||
| 650 | |a DESARROLLO ECONOMICO | ||
| 650 | |a NEUTRALIDAD | ||
| 773 | |g número 9; páginas 30-39 | ||
| 999 | |c 33998 |d 33998 | ||
